Trade with Japan has the opened wider?

Αποθηκεύτηκε σε:
Λεπτομέρειες βιβλιογραφικής εγγραφής
Κύριος συγγραφέας: Krugman, Paul
Μορφή: Βιβλίο
Γλώσσα:Undetermined
Έκδοση: Chicago The University of Chicago Press 1991
Θέματα:
Ετικέτες: Προσθήκη ετικέτας
Δεν υπάρχουν, Καταχωρήστε ετικέτα πρώτοι!
Thư viện lưu trữ: Trung tâm Học liệu Trường Đại học Cần Thơ
LEADER 00517nam a2200181Ia 4500
001 CTU_79378
008 210402s9999 xx 000 0 und d
082 |a 382 
082 |b K94 
100 |a Krugman, Paul 
245 0 |a Trade with Japan has the opened wider? 
245 0 |c Paul Krugman 
260 |a Chicago 
260 |b The University of Chicago Press 
260 |c 1991 
650 |a Commerce,Industry and state 
650 |z Japan,United States,Japan 
980 |a Trung tâm Học liệu Trường Đại học Cần Thơ